La Iglesia y la civilización occidental en la Edad Media / (Record n. 26089)

Dettagli MARC
000 -LEADER
fixed length control field 00942nam a2200265 i 4500
003 - CONTROL NUMBER IDENTIFIER
control field IT-RoINE
005 - DATE AND TIME OF LATEST TRANSACTION
control field 20180927092232.0
008 - FIXED-LENGTH DATA ELEMENTS--GENERAL INFORMATION
fixed length control field 040115m19559999sp |r 001|||spa|d
040 ## - CATALOGING SOURCE
Original cataloging agency UPSA
Transcribing agency esslup IT-RoINE
Modifying agency IT-RoINE
100 1# - MAIN ENTRY--PERSONAL NAME
Personal name Schnürer, Gustav,
Dates associated with a name 1860-1941 ‎
9 (RLIN) 51672
245 13 - TITLE STATEMENT
Title La Iglesia y la civilización occidental en la Edad Media /
Statement of responsibility, etc Gustav Schnürer ; versión de José Miguel de Azaola.
260 ## - PUBLICATION, DISTRIBUTION, ETC. (IMPRINT)
Place of publication, distribution, etc Madrid :
Name of publisher, distributor, etc FAX,
Date of publication, distribution, etc 1955.
300 ## - PHYSICAL DESCRIPTION
Extent v. ;
Dimensions 24 cm.
336 ## - CONTENT TYPE
Source rdacontent
Content type term text
337 ## - MEDIA TYPE
Source rdamedia
Media type term unmediated
338 ## - CARRIER TYPE
Source rdacarrier
Carrier type term volume
500 ## - GENERAL NOTE
General note Incluye índices.
504 ## - BIBLIOGRAPHY, ETC. NOTE
Bibliography, etc Incluye bibliografía al final de cada capítulo.
505 1# - FORMATTED CONTENTS NOTE
Formatted contents note T. 1.
650 #4 - SUBJECT ADDED ENTRY--TOPICAL TERM
Topical term or geographic name as entry element Civilización cristiana
General subdivision Historia
9 (RLIN) 51673
650 #4 - SUBJECT ADDED ENTRY--TOPICAL TERM
Topical term or geographic name as entry element Civilización medieval
9 (RLIN) 10511
650 #4 - SUBJECT ADDED ENTRY--TOPICAL TERM
Topical term or geographic name as entry element Iglesia
9 (RLIN) 52574
General subdivision Historia
Chronological subdivision 600-1500 (Edad media)
700 1# - ADDED ENTRY--PERSONAL NAME
9 (RLIN) 34610
Personal name Azaola, José Miguel de,
Dates associated with a name 1917-2007
942 ## - ADDED ENTRY ELEMENTS (KOHA)
Item type Monografías
Dati di copia
Withdrawn status Lost status Damaged status Not for loan Home library Current library Date acquired Total Checkouts Full call number Barcode Date last seen Price effective from Koha item type Public note
        Iglesia Nacional Española en Roma Iglesia Nacional Española en Roma 16/07/2018   HIS.ECL 206.1 51695 16/07/2018 16/07/2018 Monografías T. 1